| 000 | 00608nam a22002057a 4500 | ||
|---|---|---|---|
| 003 | OSt | ||
| 005 | 20260213025323.0 | ||
| 008 | 260213b |||||||| |||| 00| 0 eng d | ||
| 020 | _a978-81-7554-208-2 | ||
| 040 |
_aDWCL-Main Lib _cOC |
||
| 082 | _aRes. 152..4 W879 2003 | ||
| 100 | _aWood, Robert | ||
| 245 | _aTest your emotional intelligence : how to access and boost your EQ | ||
| 260 |
_aNew Delhi : _bKogan Page, _cc2003 |
||
| 300 |
_a153 p. ; _c22 cm. |
||
| 650 | _aEmotional intelligence. | ||
| 650 | _aPersonality Assessment. | ||
| 650 | _aSelf - evaluation. | ||
| 942 |
_2ddc _cBK-0 CIRC _mRes. _n0 |
||
| 999 |
_c8396 _d8396 |
||